Bir Asker bir diplomat: (Record no. 14501)

MARC details
000 -BAŞLIK
Sabit Uzunlukta Kontrol Alanı 00659nam a22002177a 4500
999 ## - SİSTEM KONTROL NUMARALARI (KOHA)
Koha Biblionumber 14501
Koha Biblioitemnumber 14501
003 - KONTROL NUMARASI IDENTIFIER
Denetim Alanı MIRAKIL
005 - SON İŞLEM TARİHİ VE ZAMANI
Denetim Alanı 20210819154430.0
008 - SABİT-BOY VERİ ELEMANLARI - GENEL BİLGİLER
Sabit Uzunlukta Kontrol Alanı 210819b tu ||||| |||| 00| 0 tur d
020 ## - ULUSLARARASI STANDART KİTAP NUMARASI
Uluslararası Standart Kitap Numarası 9756612061
040 ## - KATALOGLAMA KAYNAK
Orijinal Kataloglama Ajansı TR-AnCHP
Metne Dönüştürmek Ajansı TR-AnCHP
041 ## - DİL KODU
Metin / Ses Parça Veya Ayrı Başlığın Dil Kodu Tur.
082 ## - DEWEY ONLU SINIFLANDIRMA NUMARASI
Sınıflandırma Numarası 320.9561
Ürün Numarası E64b 2001
100 ## - ANA GİRİŞ - KİŞİSEL İSİM
Kişisel Ad Erkaya, Güven
245 10 - BAŞLIK TABLOSU
Başlık Bir Asker bir diplomat:
Başlığın Kalan söyleşi /
Sorumluluk Tablosu, Vb Güven Erkaya-Taner Baytok
260 ## - YAYIN, DAĞITIM, VB
Yayın, Dağıtım, Vb Yeri İstanbul :
Yayıncı, Dağıtıcı, Vs Adı Doğan Kitapçılık,
Yayın, Dağıtım, Vb Tarihi 2001.
300 ## - FİZİKSEL TANIM
Kapsam 297 s.:
Boyutlar 23 s.:
600 #0 - KONU KATMA GİRİŞ - KURUMSAL ADI
9 (RLIN) 6738
Kişisel Ad Erkaya, Güven
Bir Adıyla İlişkilendirilen Tarihler 1938-2000
Genel Alt Bölümü Anılar
600 14 - KONU KATMA GİRİŞ - KURUMSAL ADI
9 (RLIN) 2876
Kişisel Ad Baytok, Taner
Bir Adıyla İlişkilendirilen Tarihler 1936-
Genel Alt Bölümü Anılar
650 #0 - KONU KATMA GİRİŞ - TOPİKAL DÖNEM
9 (RLIN) 5106
Topikal Süreli Veya Coğrafi Ad Giriş Elemanı siyasi tarih
Genel Alt Bölümü Türkiye
942 ## - EKLENDİ GİRİŞ ELEMANLARI (KOHA)
Sınıflandırma Veya Raf Düzeni Kaynak Dewey Decimal Classification
Koha Öğesi Türü Books
Holdings
Kalıcı Konum Mevcut Konum Edinme Tarihi Toplam Check-Out'Lar Tam Çağrı Numarası Barkod Tarih Son Görülme İtibaren Geçerli Fiyatlar Sigara Kamu Notu Koha Öğesi Türü
CHP Kütüphanesi CHP Kütüphanesi 08/19/2021   320.9561 E64b 2001 019995 08/19/2021 08/19/2021 Emin Değer Bağışıdır. Books